| 000 | 00663nam a2200241Ia 4500 | ||
|---|---|---|---|
| 003 | OSt | ||
| 005 | 20220918204130.0 | ||
| 006 | a|||||r|||| 00| 0 | ||
| 007 | ta | ||
| 008 | 220917b |||||||| |||| 00| 0 eng d | ||
| 024 | _a111,154 | ||
| 037 | _cTextual | ||
| 040 |
_aARTS _cARTS _beng |
||
| 041 |
_2eng _aeng |
||
| 082 | _aV53.N8-N2, M5-;1 | ||
| 100 |
_aJudt T _9110840 |
||
| 245 | 0 |
_aMarxism and the French left _b Studies in labour and politics in France 1830-1981 |
|
| 260 |
_aOxford _bClaredon _c1986 |
||
| 300 |
_a338p. _ccm. |
||
| 650 | _aHISTORY | ||
| 942 |
_hV53.N8-N2, M5-;1 _cTEXL _2CC |
||
| 999 |
_c234503 _d234503 |
||